Statistics for The Dreaded Opera Quiz #1

Click here to take the quiz!

General Stats

  • This quiz has been taken 18 times
  • The average score is 12 of 22

Answer Stats

ComposerCharactersOpera% Correct
Act IMozartQueen of the Night, PapagenoDie Zauberflote
87%
Act IPucciniMimi, RudolfoLa Boheme
87%
Act IVerdiVioletta, AlfredoLa Traviata
87%
Act IIPucciniTITLE, PinkertonMadama Butterfly
87%
Act IBernsteinMaria, TonyWest Side Story
87%
Act IBrittenOberon, TytaniaA Midsummer Night's Dream
80%
Act IIBizetTITLE, Don JuanCarmen
80%
Act IIVerdiTITLE, IagoOtello
80%
Act IIMonteverdiTITLE, EurydiceL'Orfeo
73%
Act IIStraussTITLE, John the BaptistSalome
67%
Act IIVerdiTITLE, Duke MonteroneRigoletto
60%
Act IStraussthe Marschallin, OctavianDer Rosenkavalier
53%
Act IIWagnerTITLE, ElsaLohengrin
53%
Act IILeoncavalloTITLE, ColombinaPagliacci
53%
Act IIIGershwinTITLE, TITLEPorgy and Bess
53%
Act IDonizettiAdina, NemorinaL'elisir d'amore
40%
Act IIIWagnerTITLE, TITLETristan und Isolde
40%
Act IIMussorgskyTITLE, FyodorBoris Godunov
33%
Act IIIDebussyTITLE, TITLEPelleas et Melisande
33%
Act IIRossiniTITLE, Don MagnificoLa Cenerentola
13%
Act IIIMozartTITLE, TITLEApollo et Hyacinthus
0%
Act IWagnerAlberich, FafnirDas Reingold
0%

Score Distribution

Percentile by Number Answered

Percent of People with Each Score

Your Score History

You have not taken this quiz